| 000 | 00358nam a2200157 a 4500 | ||
|---|---|---|---|
| 020 | _a0304871 | ||
| 082 | 0 | 0 |
_a264.9 _bBRO |
| 100 | _aBrown, David | ||
| 245 | _aSigns of Grace | ||
| 260 |
_aLondon _bCassel _c1995 |
||
| 300 | _a178p | ||
| 500 | _aincludes index and biblioraphy | ||
| 505 | 2 | _aIndex of Authors | |
| 650 | _aSacramentals | ||
| 942 | _cBK | ||
| 999 |
_c13137 _d13137 |
||